Famous NASCAR Drivers by Sponsor - Statistics

General Stats
  • This quiz has been taken 1,161 times
  • The average score is 10 of 14
Answer Stats
Sponsors Career Wins Famous Driver % Correct
Wrangler, Goodwrench 76 Dale Earnhardt
90%
GoDaddy, Aspen Dental 0 Danica Patrick
90%
Home Depot, Bass Pro Shops, Mobil 1 49 Tony Stewart
90%
Sharpie, Miller Lite, Haas Automation, Monster Energy 33 Kurt Busch
89%
Bass Pro Shops, Napa Auto Parts, Furniture Row 31 Martin Truex Jr
84%
Valvoline, Viagara, US Army, GoDaddy, Aaron's 40 Mark Martin
82%
Miller Lite (Genuine Draft) 55 Rusty Wallace
73%
Interstate Batteries, Ford Quality Care, UPS 32 Dale Jarrett
68%
Interstate Batteries, Bush's Beans, Can-Am 21 Bobby Labonte
66%
Pennzoil, Napa Auto Parts, Aaron's 4 Michael Waltrip
66%
Havoline, Texaco 19 Davey Allison
60%
Havoline, Target 2 Juan Pablo Montoya
54%
Target, Kellogg's, Geico 1 Casey Mears
48%
Busch Beer, Valvoline, Hardee's 83 Cale Yarborough
44%
No matching quizzes found
Score Distribution
Percent of People with Each Score
Percentile by Number Answered
Your Score History
You have not taken this quiz